000 01005nam a22003850a 4500
001 PT45424
003 AR-LpoUNG
005 20210131231055.0
008 191001s2011||||ag |||||||||||||||||spa d
020 _a9789871421497
_c$12.85
040 _aAR-LpoUNG
_bspa
_cAR-LpoUNG
_eaacr
041 _aspa
044 _aag
082 0 _a982.067 217san
100 1 _aDargoltz, Raúl
245 1 3 _aEl santiagueñazo :
_bgestación y crónica de una pueblada argentina
250 _a1§ ed.
260 _aBuenos Aires :
_bR y R,
_c2011.
300 _a273 p. :
_btbls., mapas
650 4 _aANALISIS HISTORICO
650 4 _aARGENTINA
650 4 _aCORRUPCION
650 4 _aECONOMIA REGIONAL
650 4 _aENTREVISTAS
650 4 _aGOBIERNO
650 4 _aGRUPOS POPULARES
650 4 _aHISTORIA POLITICA
650 4 _aINVESTIGACION SOCIAL
650 4 _aPARTICIPACION SOCIAL
650 4 _aPODER POLITICO
651 4 _aArgentina
653 _aARGENTINAZO
905 _a45424
942 _cLIB
999 _c7836
_d7836